000
00265nam a22001097a 4500
008
170105b xxu||||| |||| 00| 0 eng d
020
_a
9780397550586
041
_a
eng
080
_a
618.2
245
_a
LIPPINCOT'S REVIEW FOR NCLEX-RN
_c
BILLINGS, D.M
942
_2
udc
_c
BK
999
_c
2552
_d
2552